• 首页
  • 本馆介绍
  • 公告通知
  • 最新文献
  • 馆藏检索
  • 电子资源
  • 读者导购
  • 参考咨询
  • 我的图书馆
  • 登录
  • 详细信息显示
  • 放入我的书架
  • 预约/预借图书
  • 作者相关作品
  • 分类相关作品
  • 丛书相关作品
  • 出版社相关作品

书目信息

  • 表格格式
  • 工作单格式
  • 卡片格式
题名:
中学地理问题分析与解答
    
 
作者: 陈龙飞 主编
分册:  
出版信息: 济南   山东科学技术出版社  1985
页数: 324页
开本: 19cm
丛书名:
单 册:
中图分类: G633.55
科图分类:
主题词: 地理--高中
电子资源:
ISBN: 13195.140
000 00798nam0 2200253 450
001 CAL 012001282121
005 20010625075157.899
010    @a13195.140@dCNY1.70
091    @a13195.140@dCNY1.70
099    @aCAL 012001282121
100    @a19990411d1985 ekmy0chiy0121 ea
101 0  @achi
102    @aCN@b370000
105    @ay z 000yy
106    @ar
200 1  @a中学地理问题分析与解答@9Zhong Xue Di;De Li Wen Ti Fen Xi Yu Jie;Xie Da @f陈龙飞主编@Azhong xue di li wen ti fen xi yu jie da
210    @a济南@c山东科学技术出版社@d1985
215    @a324页@d19cm
606 0  @a地理@x高中
690    @aG633.55@v3
701  0 @a陈龙飞@AChen Longfei@c(地理)@4主编@3CAL n2004296484#@7jt0yjt0y@7ec0yec0y
801  0 @aCN@bCHTS@c19990320
905    @aBZT@dG63@e73@f2@sG63/73
920    @a211270@z1
    
    中学地理问题分析与解答/陈龙飞主编.-济南:山东科学技术出版社,1985
    324页;19cm
    
    
    ISBN 13195.140:CNY1.70
    
●
相关链接 在五车中查询图书 在当当中查询图书 在豆瓣中查询图书


正题名:中学地理问题分析与解答     索取号:G63/73         预约/预借

序号 登录号 条形码 馆藏地/架位号 状态 备注
1 2000100213   2000100213   旧书回溯/ [索取号:G63/73] 在馆    
2 2000100214   2000100214   旧书回溯/ [索取号:G63/73] 在馆    
山东省滨州职业学院图书馆 欢迎您!
大连网信软件有限公司© 版权所有